000 00508nam a2200181Ia 4500
008 240925s9999 xx 000 0 und d
020 _a72132183
082 _a005.7585 LON
100 _aLoney, Kevin; Thankkar, Megh
245 0 _aOracle 9i Instant Pl/SQL Scripts
250 _aNA
260 _aNew York:
_bMcGraw-Hill
_c,2001.
300 _axxviii,573p.
_bNA
_fPirated
500 _aIncludes Index
600 _aComputer Science
650 _aComputer science, information & general works
942 _cBK
999 _c7313
_d7313